000 00825nam a2200229Ii 4500
003 JO-AjNU
008 230605s9999||||xx |||||||||||||| ||und||
017 _a2006/6/1584
020 _a9957-02-248-2
040 _aJO-AjNU
_bara
_erda
_cJO-AjNU
041 _aara
050 1 4 _aPJ7846.A755.Z54 2006
100 3 _aتأليف بودويك،محمد,
_eauthor
_923568
245 0 0 _aشعر عز الدين المناصرة بنياته،إبدالاته،وبعده عن الرعوي: دراسة نقدية
250 _aط1
264 3 1 _aعمان:دار مجدلاوي،2006
300 _a407ص
336 _atext
_btxt
_2rdacontent
337 _aunmediated
_bn
_2rdamedia
338 _avolume
_bnc
_2rdacarrier
650 4 _aالشعر العربي - القرن العشرين - فلسطين - تحليل ونقد 
_923569
999 _aA8545
_c12113
_d12113